00363nam a2200145Ia 4500008004100000020001500041050000700056050001100063245004100074245003200115260001300147260002900160300001700189300001100206170203s9999 xx 000 0 und d a8179040887 a30 b.N599t 4aThe book of 101 impressive Answers / cSona & Jacob and Augustine. aIndia :  bChennai Micro Print Ltd. bcol. ill. ;  c23 cm.